000 01384nam a2200217Ia 4500
001 10469
003 GE_BSU
008 181216s||||||||xx |||||||||||||| ||und||
020 _a9789992895269
040 _cGE_BSU
080 _a821.353.1–3+821.353.1–32
245 _aქართული პროზა. წ.19.ანასტასია ერისთავი-ხოშტარია, ნინო ნაკაშიძე, მარიამ გარიყული, ფუცუ დგებუაძე-ფულარია, ანა ხახუტაშვილი (ცქვიტი)
245 _bანასტასია ერისთავი-ხოშტარია, ნინო ნაკაშიძე, მარიამ გარიყული, ფუცუ დგებუაძე-ფულარია, ანა ხახუტაშვილი (ცქვიტი)
245 _cშემდგ.გ.გვერდწითელი. რ.თვარაძე.სარედ. კოლ.გრ.აბაშიძე და სხვ.რედ.ნუკრი აბესაძე.მხატვ.დავით დუნდუა
260 _aთბილისი
260 _bსაქართველო
260 _c1990
300 _a591გვ.20სმ.
653 _aქართული პროზა.
942 _cBK
999 _c43728
_d43728